LEADER 01270oas 2200373 a 450 001 9910692981803321 005 20030627135827.0 035 $a(CKB)5470000002357674 035 $a(OCoLC)51339491 035 9 $aocm51339491 035 $a(OCoLC)995470000002357674 035 $a(EXLCZ)995470000002357674 100 $a20030110b19962000 ua 101 0 $aeng 135 $auranu||||| 181 $ctxt$2rdacontent 182 $cc$2rdamedia 183 $acr$2rdacarrier 200 00$aWastewi$e ... progress report$b[electronic resource] 210 $aWashington, DC $cU.S. Environmental Protection Agency, Solid Waste and Emergency Response$d[1997-2000] 300 $aTitle from title screen (viewed on Jan. 10, 2003). 517 1 $aWastewise ... progress report 517 3 $aWaste wise progress report 606 $aWaste minimization$zUnited States$vPeriodicals 606 $aRecycling (Waste, etc.)$zUnited States$vPeriodicals 615 0$aWaste minimization 615 0$aRecycling (Waste, etc.) 712 02$aUnited States.$bEnvironmental Protection Agency.$bOffice of Solid Waste and Emergency Response. 801 0$bGPO 801 1$bGPO 906 $aJOURNAL 912 $a9910692981803321 996 $aWastewi$93096756 997 $aUNINA LEADER 01982ojm 2200253z- 450 001 9910150492903321 005 20251118110054.0 010 $a1-4690-2539-6 035 $a(CKB)3710000000944184 035 $a(BIP)043211398 035 $a(ODN)ODN0001278661 035 $a(EXLCZ)993710000000944184 100 $a20231107c2013uuuu -u- - 101 0 $aeng 200 10$aSky Island 210 $cGildan Audio 330 8 $aOne day a young girl, Trot, encounters a strange young boy with a big umbrella. She learns his name is Button Bright and he uses this umbrella to go on long journeys. Trot's friend, Cap'n Bill, joins the two children and they venture to a fantastical island, which they call Sky Island, as it is halfway in the sky. The island is split into two sides - the blue side and the pink side. They arrive first at the blue side - a dangerous and hostile place. The leader of the blue side, the Boolooroo of the Blues, is an evil man who punishes people by chopping them in half and sewing mismatched pieces back together. The Boolooroo captures Trot, Button, and Cap'n Bill and gives Trot as a slave to his daughters. The three eventually escape and make their way over to the pink side of the island, a much happier but still dangerous place. The laws of Sky Island insist that the visitors be thrown off the side of the island, and even the leader cannot save them. Trot, Button, and Cap'n Bill seem to be in an inescapable place of danger and they will need someone or something very powerful to save them from Sky Island. L. Frank Baum (1856-1919) was an American author of children's books, most famous for his "The Wonderful Wizard of Oz." "Sky Island" is a sequel to Baum's "The Sea Fairies," a children's fantasy novel concerning the adventures of Trot and Cap'n Bill. 676 $a[Fic] 700 $aBaum$b L. Frank.$0558188 702 $aCraden$b Abby$4nrt 906 $aAUDIO 912 $a9910150492903321 996 $aSky Island$93594582 997 $aUNINA